Länder mit den durchschnittlich kürzesten Grenzen - Statistiken

Allgemein
  • Dieses Quiz wurde 178 mal gespielt
  • Das Durchschnittsergebnis liegt bei 13 aus 20
Antwortstatistiken
Durchschnittliche Grenzlänge in km Land % Korrekt
3 Vatikanstadt
98%
37 San Marino
97%
59 Andorra
96%
38 Liechtenstein
95%
109 Luxemburg
91%
6 Monaco
90%
87 Katar
73%
266 Brunei
71%
238 Kuwait
65%
253 Osttimor
60%
140 Dänemark
59%
179 Kosovo
59%
136 Montenegro
51%
237 Südkorea
51%
176 Dschibuti
49%
168 Nordmazedonien
45%
233 Ruanda
43%
242 Libanon
40%
173 Albanien
38%
264 Äquatorialguinea
34%
Keine übereinstimmenden Quizze gefunden
Verteilung der Resultate
Anzahl Personen mit jedem Resultat
Perzentil nach korrekt beantworteten Fragen
Ihre Resultats-Entwicklung
Sie haben dieses Quiz noch nicht gespielt